000 00487nam a2200205Ia 4500
003 OSt
005 20220928150452.0
006 a|||||r|||| 00| 0
007 ta
008 220927b |||||||| |||| 00| 0 eng d
024 _a93663
037 _cTextual
040 _aSDCL
_cSDCL
_beng
041 _2eng
_aeng
082 _aO152,1N113x, L5
245 0 _aTalaab Ki machhliyan.
260 _c1975
942 _hO152,1N113x, L5
_cTEXL
_2CC
999 _c841358
_d841358